| 000 | 00587nam a2200229Ia 4500 | ||
|---|---|---|---|
| 003 | OSt | ||
| 005 | 20220928105916.0 | ||
| 006 | a|||||r|||| 00| 0 | ||
| 007 | ta | ||
| 008 | 220927b |||||||| |||| 00| 0 eng d | ||
| 024 | _a46505 | ||
| 037 | _cTextual | ||
| 040 |
_aSDCL _cSDCL _beng |
||
| 041 |
_2eng _aeng |
||
| 082 | _aO152,1M89,1:g, K3 | ||
| 100 |
_aVishwa Nath Lal _9417283 |
||
| 245 | 0 | _aKamayani ki vyakhyatmak aalochana. | |
| 260 | _c1963 | ||
| 300 |
_a405p _ccm. |
||
| 942 |
_hO152,1M89,1:g, K3 _cTEXL _2CC |
||
| 999 |
_c733271 _d733271 |
||